000 00438nmm a2200157Ia 4500
008 251105s9999||||xx |||||||||||||||||und||
041 _aspa
100 _aWarren, Patricia Nell
245 0 _aEl sacerdote
264 _a[Madrid, España] :
_bEditorial Egales,
_c2019
300 _a359 páginas
490 _aNarrativa
650 _aNorth American narrative
856 _uhttps://public.digitaliapublishing.com/a/158153
942 _cCF
999 _c100230
_d100230